书目信息 |
| 题名: |
电路与电子技术实践教程
|
|
| 作者: | 于维顺 主编 | |
| 分册: | ||
| 出版信息: | 南京 东南大学出版社 2017 |
|
| 页数: | 322页 | |
| 开本: | 26cm | |
| 丛书名: | 新世纪电子信息与电气类系列规划教材 | |
| 单 册: | ||
| 中图分类: | TM13-33 , TN01-33 | |
| 科图分类: | ||
| 主题词: | 电路理论--dian lu li lun--实验--教材 , 电子技术--dian zi ji shu--实验--教材 | |
| 电子资源: | ||
| ISBN: | 978-7-5641-7346-3 | |
| 000 | 01513nam 2200325 45 | |
| 001 | 012001002037 | |
| 005 | 20191121110951.65 | |
| 010 | @a978-7-5641-7346-3@dCNY50.00 | |
| 099 | @aCAL 012017166857 | |
| 100 | @a20171123d2017 em y0chiy50 ea | |
| 101 | 0 | @achi |
| 102 | @aCN@b320000 | |
| 105 | @aak a 000yy | |
| 106 | @ar | |
| 200 | 1 | @a电路与电子技术实践教程@Adian lu yu dian zi ji shu shi jian jiao cheng@f主编于维顺 |
| 205 | @a第2版 | |
| 210 | @a南京@c东南大学出版社@d2017 | |
| 215 | @a322页@c图@d26cm | |
| 225 | 2 | @a新世纪电子信息与电气类系列规划教材@Axin shi ji dian zi xin xi yu dian qi lei xi lie gui hua jiao cai |
| 320 | @a有书目 | |
| 330 | @a本书共5章。第1章为电路与电子技术实验的基础知识,包括实验概述,实践教学的目的,实践教学的要求,电子测量中的误差分析,测量数据的处理,实验室安全操作规程,常用电子仪器的基本工作原理及使用方法等。第2章为电路实验,包括元件伏安特性测试等11个实验内容。第3章为数字电子技术实验,包括常用电子仪器的使用练习,TTL集成门电路的功能测试、综合设计等14个实验内容。第4章为模拟电子技术实验,包括单级低频电压放大电路等13个实验内容。第5章为电子技术仿真及EDA技术。书末附有附录。 | |
| 333 | @a本书适用于高等学校电子信息类专业的学生 | |
| 410 | 0 | @12001 @a新世纪电子信息与电气类系列规划教材 |
| 606 | 0 | @a电路理论@Adian lu li lun@x实验@j教材 |
| 606 | 0 | @a电子技术@Adian zi ji shu@x实验@j教材 |
| 690 | @aTM13-33@v5 | |
| 690 | @aTN01-33@v5 | |
| 701 | 0 | @a于维顺@Ayu wei shun@4主编 |
| 801 | 0 | @aCN@b北京卓展@c20191020 |
| 905 | @b1203014-7@dTM13-33@e173=2@f4 | |
| 电路与电子技术实践教程/主编于维顺.-第2版.-南京:东南大学出版社,2017 |
| 322页:图;26cm.-(新世纪电子信息与电气类系列规划教材) |
| 使用对象:本书适用于高等学校电子信息类专业的学生 |
| ISBN 978-7-5641-7346-3:CNY50.00 |
| 本书共5章。第1章为电路与电子技术实验的基础知识,包括实验概述,实践教学的目的,实践教学的要求,电子测量中的误差分析,测量数据的处理,实验室安全操作规程,常用电子仪器的基本工作原理及使用方法等。第2章为电路实验,包括元件伏安特性测试等11个实验内容。第3章为数字电子技术实验,包括常用电子仪器的使用练习,TTL集成门电路的功能测试、综合设计等14个实验内容。第4章为模拟电子技术实验,包括单级低频电压放大电路等13个实验内容。第5章为电子技术仿真及EDA技术。书末附有附录。 |
| ● |
| 相关链接 |
|
|
|
|
正题名:电路与电子技术实践教程
索取号:TM13-33/173=2
 
预约/预借
| 序号 | 登录号 | 条形码 | 馆藏地/架位号 | 状态 | 备注 |
| 1 | 1203014 | 212030149 | 第二样本阅览室/ [索取号:TM13-33/173=2] | 在馆 | |
| 2 | 1203015 | 212030158 | 第三借阅区/ [索取号:TM13-33/173=2] | 在馆 | |
| 3 | 1203016 | 212030167 | 第三借阅区/ [索取号:TM13-33/173=2] | 在馆 | |
| 4 | 1203017 | 212030176 | 第三借阅区/ [索取号:TM13-33/173=2] | 在馆 |